Missing Word: Places in Literature Quiz Stats

 Plays Quiz Updated May 1, 2019

Score 0/20 Timer 02:30
0 Plays Today
Hint Answer % Correct
Around the _____ in Eighty DaysWorld
96.5%
Little House on the _____Prairie
93.9%
From _____ With LoveRussia
90.5%
The Bridge Over the River _____Kwai
89.8%
The Bridges of _____ CountyMadison
89%
Out of _____Africa
88.9%
A Passage to _____India
87.7%
Death on the _____Nile
87.2%
The _____ TalesCanterbury
86.1%
The Two Gentlemen of _____Verona
79.5%
Hint Answer % Correct
Seven Years in _____Tibet
76.8%
A Tree Grows in _____Brooklyn
75.4%
The Last King of _____Scotland
75.1%
A _____ Yankee in King Arthur's Court Connecticut
70.6%
Salmon Fishing in the _____Yemen
53.1%
_____ PlacePeyton
52.5%
_____: The Downfall 1945Berlin
38.1%
Looking for _____Alaska
23.9%
The Cardinal of the _____Kremlin
22%
Homage to _____Catalonia
19.6%

Today's Daily Dose

Missing Word
Banned Books (A-Z)

Word Ladder
Janis Joplin

Get the Picture
Occupations

You're not logged in!

Compare scores with friends on all Sporcle quizzes.
OR
Log In

Sporcle TV

Today on Sporcle TV


Watch our educational content, quiz creation guides, and fun videos on Sporcle TV.

Show Comments

Extras

Top Quizzes Today


Score Distribution

Your Account Isn't Verified!

In order to create a playlist on Sporcle, you need to verify the email address you used during registration. Go to your Sporcle Settings to finish the process.

Report this User

Report this user for behavior that violates our Community Guidelines.

Details: